| 000 | 01198nam a2200313 ia4500 | ||
|---|---|---|---|
| 005 | 20260416122151.0 | ||
| 008 | 260414s2025 my ao br6 000 1 may d | ||
| 020 |
_a97896737641125 _cRM23.90 _qpaperback |
||
| 040 |
_aPPAK _beng _cPPAK _erda |
||
| 082 | 0 | 4 |
_223 _a741.5 |
| 090 | 0 | 0 |
_a741.5 _bHEO _dK |
| 100 | 1 |
_aHeo, Soon Bong, _eauthor. |
|
| 245 | 1 | 0 |
_aKOMIK STEM : _bWHY? : Penyakit. _n25 / _cDitulis oleh: Heo Soon Bong ; Diilustrasi oleh: Ga Jae Bal ; Diterjemahkan oleh Tan Hui Yang |
| 264 | 1 |
_aPetaling Jaya, Selangor : _bOrbit Buku Sdn. Bhd., _c[2025?] |
|
| 300 |
_a[159] pages : _bcolour illustrations, colour photographs ; _c21 cm |
||
| 336 |
_atext _2rdacontent |
||
| 337 |
_aunmediated _2rdamedia |
||
| 338 |
_avolume _2rdacarrier |
||
| 490 | 1 | _aKOMIK STEM | |
| 650 | 1 | 0 | _aComic books, strips, etc. |
| 650 | 2 | 0 | _aComic books and children |
| 650 | 2 | 0 |
_aScience fiction _vComic books, strips, etc. |
| 650 | 2 | 0 |
_aCommunication _vComic books, strips, etc. |
| 650 | 2 | 0 |
_aInformations _vComic books, strips, etc. |
| 700 | 1 |
_aGa, Jae Bal, _eillustrator. |
|
| 700 | 1 |
_aTan, Hui Yang, _etranslator. |
|
| 830 | 0 | _aKomik Stem | |
| 942 |
_2ddc _cB |
||
| 999 |
_c203851 _d203851 |
||